Países da América Central - Statistics

Estatísticas Gerais
  • Esse quiz foi jogado 341 vezes
  • A pontuação média é 15 de 20
Estatísticas das Respostas
País % Correto
Cuba
89%
Belize
87%
El Salvador
87%
Costa Rica
86%
Honduras
86%
Panamá
86%
Nicarágua
85%
Haiti
84%
Jamaica
83%
Guatemala
82%
Bahamas
81%
República Dominicana
81%
Dominica
71%
Barbados
70%
Santa Lúcia
68%
Trinidad e Tobago
68%
Granada
64%
Antígua e Barbuda
63%
São Cristóvão e Névis
59%
São Vicente e Granadinas
59%
Nenhum quiz correspondente encontrado
Distribuição das Pontuações
Porcentagem de Pessoas com Cada Pontuação
Percentil de Números Respondidos
Sua Pontuação Histórica
Você não jogou esse quiz